| 000 | 00967nam a2200277Ia 4500 | ||
|---|---|---|---|
| 003 | OSt | ||
| 005 | 20220930190112.0 | ||
| 006 | a|||||r|||| 00| 0 | ||
| 007 | ta | ||
| 008 | 220926b |||||||| |||| 00| 0 hin d | ||
| 020 | _a8172012969 (hbk) | ||
| 024 | _a96530 | ||
| 037 | _cTextbook | ||
| 040 |
_aCRL _cCRL _bhin |
||
| 041 |
_2hin _ahin |
||
| 082 | _aO41,3M81x, 152N2 | ||
| 100 | _aलू‘शुन | ||
| 245 | 0 | _aलू‘शुन की रचनाएॅं | |
| 246 | _aPrāchīn bhārat kā vṛuhat itihāsa | ||
| 260 |
_aनई दिल्ली, _bसाहित्य अकादेमी, भारत _c1992 |
||
| 300 |
_a323पृ0 _ccm. |
||
| 650 | _aहिन्दी साहित्य | ||
| 700 | _a चौहान, कर्ण सिंह, अनु. | ||
| 942 |
_hO41,3M81x, 152N2 _cTB _2CC |
||
| 999 |
_c891637 _d891637 |
||